LEADER 01475nam a2200325 i 4500 001 000000156999 003 CaOOAMICUS 005 20220301125742.0 008 061220s1980 it u000 u ita u 013 $a134354 040 $aSeMil$bita 100 1 $aWatt, Ian,$d<1917-1999>.$0(OLS)http://semarc/name/61328 245 13$aLe origini del romanzo borghese :$bstudi su Defoe, Richardson e Fielding /$cIan Watt ; a cura di Luigi Del Grosso Destreri. 264 1$aSonzogno :$bBompiani,$c1980. 300 $a347 p. ;$c22 cm. 490 1 $aStudi Bompiani 541 0 $aFondo Ciprandi (1U IV 21) 600 14$aRichardson, Samuel <1689-1761>.$0(OLS)http://semarc/subject/30728 600 14$aFielding, Henry <1707-1754>.$0(OLS)http://semarc/subject/30729 600 14$aDefoe, Daniel <1660-1731>.$0(OLS)http://semarc/subject/26175 650 4$aLetteratura inglese - Sec. 17.-18.$0(OLS)http://semarc/subject/42862 700 1 $aDel Grosso Destreri, Luigi,$d<1941-2014>.$0(OLS)http://semarc/name/34788 830 0$aStudi Bompiani.$0(OLS)http://semarc/title/9531 850 $aSeMil 852 $aSeMil$W1$xVenegono$y1$m1U IV 21$j108732$B108732$CSeMilBibl$Z2$F118326 $81 941 1 $a1 961 $aOmaggio: Ciprandi dott. Paolo 996 $6245$aLe origini del romanzo borghese :$bstudi su Defoe, Richardson e Fielding$9(OLS)http://semarc/title/230231 996 $6264$aSonzogno :$bBompiani$9(OLS)http://semarc/publisher/34090 LEADER 01413nam a2200253 i 4500 001 000000343165 003 CaOOAMICUS 005 20230515082446.0 008 201130s2018 it u100 u ita u 020 $a978-88-288-0677-6 040 $aSeMil$bita 100 1 $aDel Pozzo, Massimo,$d<1966- >.$0(OLS)http://semarc/name/38642 245 12$aI precetti generali della Chiesa :$bsignificato giuridico e valore pastorale /$cMassimo del Pozzo. 264 1$aMilano :$bGiuffrè Francis Lefebvre,$c2018. 300 $aXVI, 294 p. ;$c23 cm 490 1 $aMonografie giuridiche / Ateneo romano della Santa Croce ; [poi] Pontificio Ateneo della Santa Croce ; [poi] Pontificia università della Santa Croce ;$v47 650 4$aDiritto ecclesiastico.$0(OLS)http://semarc/subject/933 830 0$aMonografie giuridiche / Ateneo romano della Santa Croce ; [poi] Pontificio Ateneo della Santa Croce ; [poi] Pontificia università della Santa Croce ;$v47.$0(OLS)http://semarc/title/431566 850 $aSeMil 852 $aSeMil$W1$xVenegono$y1$m2J V 187$j222745$B234140$CSeMilBibl$Z2$F234140 $81 996 $6020$a978-88-288-0677-6$9(OLS)http://semarc/number/291769 996 $6245$aI precetti generali della Chiesa :$bsignificato giuridico e valore pastorale$9(OLS)http://semarc/title/432138 996 $6264$aMilano :$bGiuffrè Francis Lefebvre$9(OLS)http://semarc/publisher/58113